Loading...
| Religion | 1 | 3 | 0 | 0 | 45 | 24 | 78.50 | 0 | 2 | 19.81 | 23.61 |
| History - American | 0 | 2 | 0 | 0 | 20 | 71 | 83.50 | 0 | 0 | 7.46 | 9.72 |
| History - Ancient/Other | 0 | 2 | 0 | 1 | 20 | 118 | 125.00 | 0 | 0 | 0.21 | 3.57 |
| Science - Other | 0 | 1 | 0 | 1 | 10 | 120 | 120.00 | 0 | 0 | 0.10 | 1.56 |
| Science - Biology | 0 | 1 | 0 | 1 | 10 | 106 | 106.00 | 0 | 0 | 0.21 | 1.39 |
| Mythology | 0 | 1 | 0 | 1 | 10 | 123 | 123.00 | 0 | 0 | 0.26 | 1.39 |
| Geography | 0 | 1 | 0 | 0 | 10 | 96 | 96.00 | 0 | 1 | 7.35 | 18.75 |
| History - Other | 0 | 1 | 0 | 0 | 10 | 98 | 98.00 | 0 | 1 | 9.17 | 37.50 |
| History - European | 0 | 1 | 1 | 0 | 5 | 79 | 79.00 | 0 | 0 | 3.92 | 5.56 |
| Literature - American | 0 | 0 | 0 | 0 | 0 | 0.00 | 0 | 0 | 0.00 | 0.00 | |
| Philosophy | 0 | 0 | 1 | 0 | -5 | 0.00 | 0 | 0 | 0.00 | 0.00 | |
| Other Academic | 0 | 0 | 1 | 0 | -5 | 0.00 | 0 | 0 | 0.00 | 0.00 | |
| History - World | 0 | 0 | 1 | 0 | -5 | 0.00 | 0 | 0 | 0.00 | 0.00 | |
| Fine Arts - Other | 0 | 0 | 2 | 0 | -10 | 0.00 | 0 | 0 | 0.00 | 0.00 |